MARC

Tag First Indicator Second Indicator Subfields
LEADER 00000cam a2200000 a 4500
001 in00000763523
005 20151016171155.0
008 871210s1988 iluc b s00110 eng
010 |a  87035738  
020 |a 0252015363 (alk. paper) 
035 |a (OCoLC)17300467 
035 |9 ADJ8666AM 
040 |a DLC  |c DLC  |d TXA  |d UtOrBLW 
043 |a n-us--- 
049 |a TXAM  |c [A11722175] 
050 0 0 |a PN1995.9.M38  |b S78 1988 
082 0 |a 791.43/01  |2 19 
100 1 |a Studlar, Gaylyn. 
245 1 0 |a In the realm of pleasure :  |b Von Sternberg, Dietrich, and the masochistic aesthetic /  |c Gaylyn Studlar. 
264 1 |a Urbana :  |b University of Illinois Press,  |c [1988] 
264 4 |c ©1988 
300 |a 247 pages :  |b portraits ;  |c 24 cm. 
336 |a text  |b txt  |2 rdacontent 
337 |a unmediated  |b n  |2 rdamedia 
338 |a volume  |b nc  |2 rdacarrier 
504 |a Bibliography: pages [195]-241. 
500 |a Includes index. 
650 0 |a Masochism in motion pictures. 
650 0 |a Motion pictures  |z United States  |x Aesthetics. 
600 1 0 |a Von Sternberg, Josef,  |d 1894-1969  |x Criticism and interpretation. 
600 1 0 |a Dietrich, Marlene  |x Criticism and interpretation. 
610 2 0 |a Paramount Pictures Corporation. 
650 0 |a Women in motion pictures. 
650 0 |a Feminism and motion pictures. 
650 0 |a Motion picture audiences  |x Psychology. 
650 0 |a Psychoanalysis and culture. 
999 |a MARS 
999 f f |s bc24ecad-af4a-3f5e-9564-3cd6e3e0104b  |i 3a6047b9-7192-32ff-9fbb-5e00a59f37ec  |t 0 
952 f f |p normal  |a Texas A&M University  |b College Station  |c Sterling C. Evans Library  |d Evans: Library Stacks  |t 0  |e PN1995.9.M38 S78 1988  |h Library of Congress classification  |i unmediated -- volume  |m A14811722175 
998 f f |a PN1995.9.M38 S78 1988  |t 0  |l Evans: Library Stacks